Innovationspotential und Hochtechnologie Technologische Position Deutschlands im internationalen Wettbewerb

Gespeichert in:
Bibliographische Detailangaben
1. Verfasser: Legler, Harald
Format: Buch
Sprache:Deutsch
Veröffentlicht: Heidelberg Physica 1992
Ausgabe:1. Aufl.
Schlagworte:
Tags: Tag hinzufügen
Keine Tags, Fügen Sie das erste Tag hinzu!

MARC

LEADER 00000nam a2200000 4500
001 c003491
005 20221221080216.4
020 |a 3-7908-0623-4 
041 0 |a ger 
044 |a DE 
245 1 0 |a Innovationspotential und Hochtechnologie  |b Technologische Position Deutschlands im internationalen Wettbewerb  |c Harald Legler 
250 |a 1. Aufl. 
264 1 |a Heidelberg  |b Physica  |c 1992 
300 |a 164 s. 
610 2 0 |a Nemecko 
610 2 0 |a inovácia 
610 2 0 |a konkurencia medzinárodná 
610 2 0 |a technológie nové 
610 2 0 |a transfer technológie 
610 2 0 |a NDR 
610 2 0 |a patenty 
610 2 0 |a vynálezy 
610 2 0 |a priemysel 
610 2 0 |a trh svetový 
610 2 0 |a obchod 
100 1 |a Legler, Harald